000 00755nam a2200205Ii 4500
003 JO-AjNU
008 230605s9999||||xx |||||||||||||| ||und||
040 _aJO-AjNU
_bara
_erda
_cJO-AjNU
041 _aara
050 1 4 _aGV731.R55 1995
100 3 _aرزق الله، بطرس، م.مشارك الشاذلي، احمد فؤاد,
_eauthor
_916814
245 0 0 _aالمسابقات والألعاب الرياضية
250 _aط4
264 3 1 _aالاسكندرية: دار الكتاب الجديد، 1995
300 _a121ص
_bصور توضبحية
336 _atext
_btxt
_2rdacontent
337 _aunmediated
_bn
_2rdamedia
338 _avolume
_bnc
_2rdacarrier
650 4 _aالالعاب الصغيرة - المسابقات الرياضة
_916815
999 _aA5067
_c8635
_d8635